| 000 | 00000nam##2200000za#4500 |
| 001 | 9.607817 |
| 003 | CaOODSP |
| 005 | 20240612102647 |
| 007 | cr ||||||||||| |
| 008 | 150406|1994||||xxc|||||o f|0| 0 fre|d |
| 040 | |aCaOODSP|bfre |
| 043 | |an-cn--- |
| 086 | 1 |aRv55-5/11-4-19-1994F-PDF |
| 110 | 2 |aAgence des services frontaliers du Canada. |
| 245 | 10|aRèglement concernant la détermination du droit au bénéfice du tarif des États-Unis, du tarif du Mexique ou du tarif Mexique-États-Unis |h[ressource électronique] |
| 246 | 1 |iTitre abrégé : |aRèglement sur la préférence tarifaire (ALÉNA) |
| 260 | |aOttawa - Ontario : |bAgence des services frontaliers du Canada |
| 300 | |a26p.|btableau |
| 490 | 1 |aMémorandums D des douanes. D11, Renseignements généraux sur le tarif |vD11-4-19, le 1er janvier 1994 |
| 590 | |a14-17-Supp|b2014-10-09 |
| 775 | 08|tRegulations respecting the determination of when goods are entitled to the benefit of the United States tariff, Mexico tariff or Mexico-United States tariff |w(CaOODSP)9.580879 |
| 830 | #0|aMémorandums D des douanes. D11, Renseignements généraux sur le tarif ;|vD11-4-19, le 1er janvier 1994|w(CaOODSP)9.816826 |
| 856 | 40|ahttp://publications.gc.ca|qPDF|s38 Ko|uhttps://publications.gc.ca/collections/collection_2014/asfc-cbsa/Rv55-5-11-4-19-1994-fra.pdf|yD11-4-19, le 1er janvier 1994 |